000 01362cam a2200385 i 4500
001 11269
003 KOSZ 005
005 20220405151215.0
008 081021s1956 pl a f f |000 0 pol
015 _aPB 1956/2534
040 _aWA N
_cWA N
_dKOSZ 005/HR
046 _k1956
080 _a674.02/.07
080 _a66.047
080 _a(075.8)
100 1 _aKrzysik, Franciszek Marian
_d(1902-1980)
_eAutor
245 1 0 _aSuszenie drewna /
_cFranciszek Krzysik, Kazimierz Sobczak.
260 _aWarszawa :
_bPaństwowe Wydawnictwo Naukowe,
_c1956.
300 _a210 s. :
_bil. ;
_c24 cm.
380 _aKsiążki
380 _aPublikacje fachowe
388 _a1901-2000
388 _a1945-1989
490 1 _aSkrypty dla Szkół Wyższych / Szkoła Główna Gospodarstwa Wiejskiego w Warszawie.
650 4 _aTechnologia drewna
650 4 _aDrewno
650 4 _aSuszarnictwo
658 _aInżynieria i technika
658 _aRolnictwo i leśnictwo
700 1 _aSobczak, Kazimierz
_c(nauki rolnicze)
_eAutor
710 2 _aPaństwowe Wydawnictwo Naukowe
830 0 _aSkrypty dla Szkół Wyższych - Szkoła Główna Gospodarstwa Wiejskiego w Warszawie.
856 _uhttp://koha.tu.koszalin.pl/cgi-bin/koha/opac-detail.pl?biblionumber=11269
_yKatalog online BPK
942 _2UKD
_cKS
999 _c11269
_d11269